00731cam a22002057a 4500003000500000005001700005008004100022010001000063011001000073035001100083040000900094100003200103245015100135260004100286300001000327502009400337650004800431650002100479650002500500CHAP20220329143040.0051024d2005 mx r 00110 spa d a91185 a92157 a102720 cCHAP00aBarrios Ramírez, Rubén.10aProducción, comportamiento y rentabilidad del cultivo del frijol en el Distrito de Desarrollo Rural 001, Durangoc/por Rubén Barrios Ramírez aChapingo, Méx. :bEl autor,c2005. a93 h. aTesis (Ing. Agr. Esp. en Sociología Rural) - - UACH. Departamento de Sociología Rural14aDistrito de Desarrollo Rural, Durango, Dgo.14aFrijolxDurango.14aFrijolxRendimiento.